Statistics for Who Scored The Goal? (Galatasaray)

Click here to take the quiz!

General Stats

  • This quiz has been taken 106 times
    (22 since last reset)
  • The average score is 20 of 86

Answer Stats

MatchScorer% Correct
Galatasaray - Trabzonspor
23' 1-0
Mauro Icardi
100%
Galatasaray - Trabzonspor
90+3' 2-0
Mauro Icardi
100%
Gaziantep FK - Galatasaray
64' 0-2
Mauro Icardi
80%
Gaziantep FK - Galatasaray
5' 0-1
Kerem Aktürkoğlu
70%
Gaziantep FK - Galatasaray
73' 0-3
Mauro Icardi
70%
Galatasaray - Samsunspor
67' 4-2
Mauro Icardi
60%
Başakşehir - Galatasaray
50' 0-2
Mauro Icardi
50%
Galatasaray - Beşiktaş
82' 2-1
Mauro Icardi
50%
Galatasaray - MKE Ankaragücü
56' 1-1
Wilfried Zaha
50%
Fatih Karagümrük - Galatasaray
90' 2-3
Berkan Kutlu
40%
Galatasaray - Samsunspor
7' 1-0
Kerem Aktürkoğlu
40%
Trabzonspor - Galatasaray
90+6' 1-5
Kerem Aktürkoğlu
40%
İstanbulspor - Galatasaray
42' 0-1
Mauro Icardi
40%
Galatasaray - Beşiktaş
26' 1-0
Mauro Icardi
40%
Galatasaray - Gaziantep FK
89' 2-1
Barış Alper Yılmaz
30%
Başakşehir - Galatasaray
43' 0-1
Hakim Ziyech
30%
Trabzonspor - Galatasaray
64' 0-3
Kaan Ayhan
30%
Trabzonspor - Galatasaray
80' 1-4
Kerem Aktürkoğlu
30%
Galatasaray - İstanbulspor
36' 1-1
Kerem Aktürkoğlu
30%
Galatasaray - Samsunspor
29' 2-0
Kerem Aktürkoğlu
30%
Antalyaspor - Galatasaray
86' 0-2
Mauro Icardi
30%
Kasımpaşa - Galatasaray
83' 3-3
Mauro Icardi
30%
Kasımpaşa - Galatasaray
48' 1-2
Mauro Icardi
30%
Galatasaray - İstanbulspor
90+2' 3-1
Mauro Icardi
30%
Galatasaray - Hatayspor
12' 1-0
Mauro Icardi
30%
Galatasaray - Sivasspor
59' 3-1
Mauro Icardi
30%
Galatasaray - Gaziantep FK
72' 1-1
Wilfried Zaha
30%
Trabzonspor - Galatasaray
61' 0-2
Wilfried Zaha
30%
Trabzonspor - Galatasaray
13' 0-1
Wilfried Zaha
30%
Galatasaray - Konyaspor
90+3' 3-0
Abdülkerim Bardakcı
20%
Galatasaray - Samsunspor
42' 3-0
Abdülkerim Bardakcı
20%
Galatasaray - Konyaspor
63' 1-0
Abdülkerim Bardakcı
20%
Alanyaspor - Galatasaray
56' 0-1
Barış Alper Yılmaz
20%
Samsunspor - Galatasaray
11' 0-2
Barış Alper Yılmaz
20%
Kasımpaşa - Galatasaray
90' 3-4
Carlos Vinicius
20%
Pendikspor - Galatasaray
69' 0-1
Cedric Bakambu
20%
Galatasaray - Çaykur Rizespor
9' 1-0
Derrick Köhn
20%
Galatasaray - Kayserispor
86' 2-1
Dries Mertens
20%
Kasımpaşa - Galatasaray
27' 0-1
Dries Mertens
20%
Galatasaray - Sivasspor
11' 1-0
Hakim Ziyech
20%
Pendikspor - Galatasaray
82' 0-2
Hakim Ziyech
20%
Galatasaray - MKE Ankaragücü
69' 2-1
Hayrullah Bilazer (OG)
20%
Galatasaray - İstanbulspor
79' 2-1
Kerem Aktürkoğlu
20%
Sivasspor - Galatasaray
45+1' 1-0
Kerem Demirbay
20%
Galatasaray - Çaykur Rizespor
40' 3-1
Kerem Demirbay
20%
Galatasaray - Çaykur Rizespor
85' 6-2
Mauro Icardi
20%
Adana Demirspor - Galatasaray
90+1' 0-3
Mauro Icardi
20%
MKE Ankaragücü - Galatasaray
39' 0-3
Mauro Icardi
20%
Galatasaray - Sivasspor
85' 6-1
Mauro Icardi
20%
Samsunspor - Galatasaray
5' 0-1
Victor Nelsson
20%
Galatasaray - Konyaspor
90' 2-0
Wilfried Zaha
20%
Fatih Karagümrük - Galatasaray
45+4' 1-1
Barış Alper Yılmaz
10%
Galatasaray - Başakşehir
25' 1-0
Barış Alper Yılmaz
10%
MKE Ankaragücü - Galatasaray
14' 0-2
Davinson Sanchez
10%
Antalyaspor - Galatasaray
58' 0-1
Davinson Sanchez
10%
Galatasaray - Başakşehir
31' 2-0
Dries Mertens
10%
Galatasaray - Alanyaspor
59' 3-0
Dries Mertens
10%
Galatasaray - Sivasspor
73' 5-1
Dries Mertens
10%
Galatasaray - Sivasspor
38' 2-0
Dries Mertens
10%
Galatasaray - Alanyaspor
45' 2-0
Dries Mertens
10%
Fatih Karagümrük - Galatasaray
70' 1-2
Dries Mertens
10%
Alanyaspor - Galatasaray
61' 0-2
Hakim Ziyech
10%
Galatasaray - Sivasspor
60' 4-1
Hakim Ziyech
10%
Galatasaray - Adana Demirspor
29' 2-0
Kerem Aktürkoğlu
10%
Galatasaray - Fatih Karagümrük
40' 1-0
Kerem Aktürkoğlu
10%
MKE Ankaragücü - Galatasaray
13' 0-1
Kerem Demirbay
10%
Galatasaray - Çaykur Rizespor
64' 5-2
Kerem Demirbay
10%
Galatasaray - Çaykur Rizespor
45' 4-1
Kerem Demirbay
10%
Galatasaray - Çaykur Rizespor
31' 2-0
Lucas Torreira
10%
Alanyaspor - Galatasaray
83' 0-4
Mauro Icardi
10%
Galatasaray - Alanyaspor
37' 1-0
Mauro Icardi
10%
Galatasaray - Adana Demirspor
90+5' 3-1
Mauro Icardi
10%
Galatasaray - Pendikspor
35' 1-0
Mauro Icardi
10%
Galatasaray - Adana Demirspor
22' 1-0
Sacha Boey
10%
Çaykur Rizespor - Galatasaray
68' 0-1
Sergio Oliveira
10%
Galatasaray - Kayserispor
26' 1-0
Victor Nelsson
10%
Hatayspor - Galatasaray
28' 1-1
Wilfried Zaha
10%
Galatasaray - Alanyaspor
70' 4-0
Wilfried Zaha
10%
Galatasaray - Kasımpaşa
51' 2-0
Wilfried Zaha
10%
Galatasaray - Kasımpaşa
33' 1-0
Wilfried Zaha
10%
Galatasaray - Pendikspor
40' 2-0
Abdülkerim Bardakcı
0%
Alanyaspor - Galatasaray
72' 0-3
Barış Alper Yılmaz
0%
Galatasaray - Pendikspor
76' 3-0
Dries Mertens
0%
Adana Demirspor - Galatasaray
53' 0-1
Hakim Ziyech
0%
Galatasaray - Pendikspor
90+6' 4-1
Kerem Aktürkoğlu
0%
Adana Demirspor - Galatasaray
64' 0-2
Kerem Demirbay
0%

Score Distribution

Percentile by Number Answered

Percent of People with Each Score

Your Score History

You have not taken this quiz since the last reset